| 000 | 00454nam a22001457a 4500 | ||
|---|---|---|---|
| 008 | 150928b xxu||||| |||| 00| 0 eng d | ||
| 020 | _a9780323035620 | ||
| 050 | _aREF R 121 .M67 2006 | ||
| 100 |
_aMosby _d2006 |
||
| 245 | _aMosby's Dictionary of Medicine, Nursing & Health Proffessions | ||
| 260 |
_aPhiladelphia: _bMosby, Inc, _c2006. |
||
| 300 | _axiv, 2246p:ill | ||
| 760 | _b7th ed | ||
| 942 |
_2lcc _cREF_BOOK _hREF R 121 .M67 2006 |
||
| 999 |
_c6585 _d6585 |
||